| 000 | 00616nam a2200157 4500 | ||
|---|---|---|---|
| 001 | 148006 | ||
| 003 | ES-MaACL | ||
| 005 | 20230906202359.0 | ||
| 007 | t| | ||
| 008 | 070214s1940 ag r ||||1| spa d | ||
| 100 | 1 |
_aSpota, Benjamin B. _9107782 |
|
| 245 | 1 | 0 |
_aEnfermedad de Friedreich _b: observaciones clínicas y un estudio histopatológico : (La heredo-degeneración espino-cerebelosa. Las lesiones supraespinales) / _cBenjamin B. Spota. |
| 260 |
_aBuenos Aires : _b[s. n.], _c1940 ( _fEstablecimiento tipográfico de A. Guidi Buffarini) |
||
| 300 |
_a107 p. ; _c24 cm. |
||
| 852 |
_aES-MaACL _j1833-F-7 _bR.19517 |
||
| 999 |
_c148006 _d148006 |
||